| 000 | 00439nam a2200157 a 4500 | ||
|---|---|---|---|
| 001 | 000027011 | ||
| 005 | 20200930030539.0 | ||
| 008 | 110328s1996 dr a 000 0 spa d | ||
| 040 |
_aDO-SdBNP _bspa _cBNPHU |
||
| 082 |
_axxxx _bC794n |
||
| 100 | 1 |
_aCordero, Dolores _954112 |
|
| 245 | 1 | 0 |
_aNo sé cómo decir ... / _cDolores Cordero. |
| 260 |
_a[Santo Domingo] : _bTiempo Extra, _c1996. |
||
| 300 |
_a88 p. : _bil. ; _c20 cm. |
||
| 049 | _aBNPD | ||
| 999 |
_c26503 _d26503 |
||